राष्ट््रभाषा हिंदी मराठी कोश (Record no. 107613)
[ view plain ]
| 000 -LEADER | |
|---|---|
| fixed length control field | 00871nam a2200241Ia 4500 |
| 003 - CONTROL NUMBER IDENTIFIER | |
| control field | OSt |
| 005 - DATE AND TIME OF LATEST TRANSACTION | |
| control field | 20220918105510.0 |
| 008 - FIXED-LENGTH DATA ELEMENTS--GENERAL INFORMATION | |
| fixed length control field | 220915b |||||||| |||| 00| 0 hin d |
| 037 ## - SOURCE OF ACQUISITION | |
| Terms of availability | Reference Collections |
| 040 ## - CATALOGING SOURCE | |
| Original cataloging agency | ARTS |
| Transcribing agency | ARTS |
| Language of cataloging | hin |
| 041 ## - LANGUAGE CODE | |
| Source of code | hin |
| Language code of text/sound track or separate title | hin |
| 100 ## - MAIN ENTRY--PERSONAL NAME | |
| Personal name | वर्मा, कृष्णलाल |
| 9 (RLIN) | 1722 |
| 245 #0 - TITLE STATEMENT | |
| Title | राष्ट््रभाषा हिंदी मराठी कोश |
| 246 ## - VARYING FORM OF TITLE | |
| Title proper/short title | Rāṣhṭrabhāṣhā hiandī marāṭhī kosha |
| 260 ## - PUBLICATION, DISTRIBUTION, ETC. | |
| Date of publication, distribution, etc. | 1962 |
| 700 ## - ADDED ENTRY--PERSONAL NAME | |
| Personal name | पैणकर, राहामानबाई |
| 9 (RLIN) | 1723 |
| 942 ## - ADDED ENTRY ELEMENTS (KOHA) | |
| Classification part | P152:4k, 155J1(RR) |
| Koha item type | Reference |
| Withdrawn status | Lost status | Damaged status | Not for loan | Home library | Current library | Date acquired | Total Checkouts | Full call number | Barcode | Date last seen | Price effective from | Koha item type |
|---|---|---|---|---|---|---|---|---|---|---|---|---|
| Arts Library | Arts Library | 2022-09-18 | P152:4k 155J1(RR) | AL0144679 | 2022-09-18 | 2022-09-18 | Reference |
